Statistics for World Leaders Quote Quiz

Click here to take the quiz!

General Stats

  • This quiz has been taken 14 times
  • The average score is 7 of 15

Answer Stats

QuoteLeader% Correct
My fellow Americans, ask not what your country can do for you, ask what you can do for your countryJohn F. Kennedy
100%
We shall fight on the beaches, we shall fight on the landing grounds, we shall fight in the fields and in the streets, we shall fight in the hills; we shall never surrenderWinston Churchill
100%
A single death is a tragedy; a million deaths is a statisticJoseph Stalin
91%
I came, I saw, I conqueredJulius Caesar
91%
My whole life is about winning. I don’t lose often. I almost never loseDonald Trump
73%
We do not believe in government through the voting booth. The Spanish national will was never freely expressed through the ballot box.Francisco Franco
73%
I began revolution with 82 men. If I had to do it again, I do it with 10 or 15 and absolute faitFidel Castro
55%
A man's greatest pleasure is to defeat his enemies, to drive them before him, to take from them that which they possessedGenghis Khan
36%
Education is the most powerful weapon which you can use to change the worldNelson Mandela
36%
I am not afraid of an army of lions led by a sheep; I am afraid of an army of sheep led by a lionAlexander the Great
18%
Fool! Don't you see now that I could have poisoned you a hundred times had I been able to live without you.Cleopatra
18%
“The greatest leader is not necessarily the one who does the greatest things. He is the one that gets the people to do the greatest things.”Ronald Reagan
18%
The ink of the scholar is more sacred than the blood of the martyrMuhammad
9%
If my death contributes to the end of partisanship and the consolidation of the union, I shall be lowered in peace into my grave.Simon Bolivar
9%
I am emperor, my descendants will be numerous. From the second generation to the ten-thousandth, my line will not endQin Shi Huang
0%

Score Distribution

Percentile by Number Answered

Percent of People with Each Score

Your Score History

You have not taken this quiz